[Event "AUT chT"]
[Site "2. Bundesliga Mitte 2003/04"]
[Date "2004.11.??"]
[Round "5"]
[White "Sandner, Wolfgang"]
[Black "Nickl, Klaus"]
[Result "1-0"]
[WhiteElo "2245"]
[BlackElo "2200"]
[PlyCount "111"]
[EventDate "2003.??.??"]

1. e4 e5 2. Bc4 Nf6 3. d3 Nc6 4. Nf3 Be7 5. O-O d6 6. c3 O-O 7. b4 Bg4 8. Re1
Qd7 9. Nbd2 a5 10. b5 Na7 11. Rb1 Nc8 12. a4 Nb6 13. Bb3 Qd8 14. Qc2 c5 15.
bxc6 bxc6 16. d4 Nfd7 17. Ba3 c5 18. Qd3 Qc7 19. d5 f5 20. Bc2 fxe4 21. Nxe4
Bf5 22. Nfd2 c4 23. Qe2 Rac8 24. Rb5 Ra8 25. Reb1 Bg6 26. Qg4 Bf5 27. Qh5 Bg6
28. Qh3 Bf5 29. Qg3 Ra6 30. Qe3 h6 31. Nf3 Bg6 32. h3 Rf4 33. Nxe5 Rxe4 34.
Bxe4 Bxe4 35. Nxd7 Bxb1 36. Qe6+ Kh7 37. Qxe7 Qxd7 38. Qxd7 Nxd7 39. Rxb1 Nb6
40. Bxd6 Nxd5 41. Be5 Re6 42. f4 Nb6 43. Rb5 g5 44. f5 Re8 45. Bd4 Nxa4 46.
Rxa5 Nb2 47. Ra7+ Kg8 48. Rg7+ Kf8 49. Rh7 Re1+ 50. Kh2 Nd3 51. Rxh6 Nf4 52.
Rh8+ Kf7 53. Rh7+ Ke8 54. Rg7 Ne2 55. Bf6 Rc1 56. Re7+ 1-0

[Event "AUT chT"]
[Site "2. Bundesliga Mitte 2003/04"]
[Date "2004.??.??"]
[Round "5"]
[White "Schmidt, Peter"]
[Black "Janz, Frerik"]
[Result "1/2-1/2"]
[WhiteElo "2407"]
[BlackElo "2372"]
[PlyCount "34"]
[EventDate "2003.??.??"]

1. Nf3 c5 2. g3 b6 3. Bg2 Bb7 4. O-O Nf6 5. c4 e6 6. Nc3 d6 7. d4 cxd4 8. Qxd4
a6 9. Be3 Nbd7 10. Nd2 Bxg2 11. Kxg2 Rc8 12. Nde4 Rc6 13. Rfd1 Qc7 14. Bf4 Nxe4
15. Qxe4 Rxc4 16. Qa8+ Qc8 17. Qxc8+ Rxc8 1/2-1/2

[Event "AUT chT"]
[Site "2. Bundesliga Mitte 2003/04"]
[Date "2004.??.??"]
[Round "5"]
[White "Shapiro, Boris"]
[Black "Taggatz, Mario"]
[Result "1-0"]
[WhiteElo "2454"]
[BlackElo "2230"]
[PlyCount "57"]
[EventDate "2003.??.??"]

1. d4 f5 2. Bg5 g6 3. Nc3 Bg7 4. e4 fxe4 5. Nxe4 d5 6. Nc3 Nh6 7. Bxh6 Bxh6 8.
h4 Qd6 9. h5 Bf5 10. Bd3 Bxd3 11. Qxd3 Nc6 12. Nf3 O-O-O 13. Kf1 Qf6 14. Re1
Bg7 15. h6 Bf8 16. Ne5 Nxe5 17. Rxe5 c6 18. Qh3+ Kc7 19. Qg3 Kc8 20. Qg4+ Kc7
21. Rh3 g5 22. Re6 Qf4 23. Qxf4+ gxf4 24. Ne2 f3 25. Rxf3 Rd6 26. Nf4 Kd7 27.
Rxd6+ Kxd6 28. Nd3 Bxh6 29. Ne5 1-0

[Event "AUT chT"]
[Site "2. Bundesliga Mitte 2003/04"]
[Date "2004.??.??"]
[Round "5"]
[White "Testor, Sebastian"]
[Black "Freimueller, Peter"]
[Result "1-0"]
[WhiteElo "2156"]
[BlackElo "2154"]
[PlyCount "109"]
[EventDate "2003.??.??"]

1. e4 c5 2. Nf3 e6 3. Nc3 Nc6 4. d4 cxd4 5. Nxd4 a6 6. Be2 Nf6 7. O-O Be7 8.
Be3 O-O 9. f4 d5 10. e5 Nd7 11. Rf3 Bc5 12. Na4 Bxd4 13. Bxd4 b5 14. Nc5 Nxd4
15. Qxd4 Qb6 16. Nb3 Qxd4+ 17. Nxd4 Nb6 18. a3 Bd7 19. Rc3 Rfc8 20. Rxc8+ Rxc8
21. b3 f6 22. Bd3 fxe5 23. fxe5 Rc7 24. Re1 Nc8 25. Kf2 Ne7 26. Ke3 g6 27. Rf1
Nc6 28. Nxc6 Rxc6 29. Kd4 Rc7 30. g3 a5 31. Rf2 Kg7 32. Bf1 a4 33. Bd3 Rc8 34.
Rf1 Rc7 35. Rf2 Rc8 36. bxa4 bxa4 37. c4 dxc4 38. Bxc4 Rc6 39. Rb2 Rc7 40. Ba6
Bc6 41. Rc2 Rd7+ 42. Kc5 Bd5 43. Kb6 Rd8 44. Rc8 Rxc8 45. Bxc8 g5 46. Bd7 Kg6
47. g4 Kf7 48. Bxa4 Bf3 49. Bc6 Bxg4 50. a4 Be2 51. Bb5 Bf3 52. a5 h5 53. a6 g4
54. Bc6 h4 55. a7 1-0

[Event "AUT chT"]
[Site "2. Bundesliga Mitte 2003/04"]
[Date "2004.11.??"]
[Round "5"]
[White "Titz, Heimo"]
[Black "Benda, Herbert"]
[Result "0-1"]
[WhiteElo "2295"]
[BlackElo "2260"]
[PlyCount "122"]
[EventDate "2003.??.??"]

1. c4 e5 2. Nc3 Nf6 3. Nf3 Nc6 4. e3 Be7 5. a3 a5 6. Qc2 O-O 7. b3 d6 8. Bb2
Re8 9. Be2 Bf8 10. O-O g6 11. d3 Bg7 12. Rfd1 h6 13. Nd2 Be6 14. Nde4 Nd7 15.
Nd5 Ne7 16. Nec3 Nf5 17. Na4 c6 18. e4 Nd4 19. Bxd4 exd4 20. Nf4 Qf6 21. Nxe6
Qxe6 22. g3 d5 23. Bf3 dxc4 24. bxc4 b5 25. Nb2 Ne5 26. Bg2 bxc4 27. Nxc4 Nxc4
28. Qxc4 Qxc4 29. dxc4 Rab8 30. Rab1 Bf8 31. a4 Rb4 32. Rxb4 axb4 33. e5 Rxe5
34. Bxc6 Re2 35. Rxd4 b3 36. Rd1 Bc5 37. Kh1 b2 38. Rb1 Rc2 39. Be4 Rxc4 40. f3
Bd4 41. a5 Kg7 42. a6 f5 43. Bd3 Rc3 44. a7 Ra3 45. Kg2 Rxa7 46. Rd1 Be3 47.
Re1 Ra3 48. Bb1 Kf6 49. Rd1 Ra1 50. h4 Bc1 51. Bd3 b1=Q 52. Bxb1 Rxb1 53. Rd6+
Kf7 54. h5 g5 55. g4 Rb2+ 56. Kh1 Rh2+ 57. Kg1 Be3+ 58. Kf1 Rf2+ 59. Ke1 Rxf3
60. gxf5 g4 61. Ke2 Bg5 0-1

[Event "AUT chT"]
[Site "2. Bundesliga Mitte 2003/04"]
[Date "2004.??.??"]
[Round "5"]
[White "Tober, Gerhard"]
[Black "Rolletschek, Heinrich"]
[Result "1/2-1/2"]
[WhiteElo "2278"]
[BlackElo "2320"]
[PlyCount "78"]
[EventDate "2003.??.??"]

1. e4 g6 2. d4 Bg7 3. Nc3 d6 4. g3 Nd7 5. Bg2 e5 6. Nge2 Ne7 7. O-O O-O 8. Be3
c6 9. a4 Qc7 10. Qd2 f5 11. f4 Nf6 12. fxe5 dxe5 13. d5 Rd8 14. Rad1 Be6 15. d6
Qb8 16. Bg5 Nc8 17. exf5 Bxf5 18. Bxf6 Rxd6 19. Qc1 Rxf6 20. Rd8+ Rf8 21. Qg5
h6 22. Rxf8+ Bxf8 23. Qh4 Nd6 24. g4 Bxc2 25. Ng3 Qd8 26. Qh3 Nf7 27. Nge4 Ng5
28. Nxg5 Qxg5 29. Be4 Bxe4 30. Nxe4 Qe7 31. g5 Kh8 32. gxh6 Rd8 33. Qe3 Qh4 34.
Ng5 Bc5 35. Nf7+ Kh7 36. Qxc5 Qg4+ 37. Kh1 Qe4+ 38. Kg1 Qg4+ 39. Kh1 Qe4+
1/2-1/2

[Event "AUT chT"]
[Site "2. Bundesliga Mitte 2003/04"]
[Date "2004.10.??"]
[Round "5"]
[White "Tratar, Marko"]
[Black "Rossi, Carlo"]
[Result "1/2-1/2"]
[WhiteElo "2455"]
[BlackElo "2355"]
[PlyCount "103"]
[EventDate "2003.??.??"]

1. Nf3 c5 2. c4 g6 3. d4 Bg7 4. e4 cxd4 5. Nxd4 Nc6 6. Be3 Nf6 7. Nc3 O-O 8.
Be2 d6 9. O-O Bd7 10. Qd2 a5 11. Ndb5 a4 12. f3 Qa5 13. Rfd1 Rfc8 14. Rac1 Ne5
15. b3 axb3 16. axb3 Qb4 17. Nd4 h5 18. Ra1 Rxa1 19. Rxa1 Ne8 20. Kf1 Nc6 21.
Ra4 Qc5 22. Nxc6 Qxc6 23. Nd5 Kf8 24. Ra7 Nf6 25. Qb4 Rb8 26. Qa5 e6 27. Nb6
Be8 28. Qb4 Kg8 29. Ra2 Bf8 30. Qd2 Nd7 31. Nxd7 Bxd7 32. Ra1 Be7 33. Bf4 Rd8
34. Rd1 Be8 35. Bg5 f6 36. Be3 Kf7 37. Ra1 Bd7 38. Qa5 f5 39. exf5 gxf5 40. Qd2
Rg8 41. Rd1 Bc8 42. Qa5 h4 43. Qb6 e5 44. b4 f4 45. Qxc6 bxc6 46. Bf2 h3 47. g3
Be6 48. gxf4 Rg2 49. Bg1 d5 50. cxd5 Bxd5 51. b5 exf4 52. bxc6 1/2-1/2

[Event "AUT chT"]
[Site "2. Bundesliga Mitte 2003/04"]
[Date "2004.??.??"]
[Round "5"]
[White "Uhlmann, Wolfgang"]
[Black "Tompa, Janos"]
[Result "1/2-1/2"]
[WhiteElo "2433"]
[BlackElo "2392"]
[PlyCount "88"]
[EventDate "2003.??.??"]

1. c4 e5 2. Nc3 Nf6 3. Nf3 Nc6 4. g3 d5 5. cxd5 Nxd5 6. Bg2 Nb6 7. d3 Be7 8.
O-O O-O 9. Be3 Re8 10. a4 a5 11. Rc1 Bf8 12. Nb5 Nd5 13. Bc5 Bxc5 14. Rxc5 Ndb4
15. Qc1 Bg4 16. h3 Bh5 17. Rd1 Qe7 18. d4 Bxf3 19. Bxf3 exd4 20. Bxc6 Nxc6 21.
Nxd4 Rad8 22. e3 Nxd4 23. exd4 Qd7 24. Rxc7 Qxa4 25. d5 Qb4 26. Qf4 Qxf4 27.
gxf4 g6 28. d6 Re6 29. d7 Kf8 30. Rxb7 Ke7 31. Rd5 Rd6 32. Rxa5 R8xd7 33. Raa7
Rxb7 34. Rxb7+ Kf6 35. Kg2 Rd3 36. Rb5 h5 37. h4 Ke6 38. b4 Rb3 39. Rb7 f6 40.
f3 Rb2+ 41. Kg3 f5 42. b5 Kf6 43. b6 Ke6 44. Kh3 Kf6 1/2-1/2

[Event "AUT chT"]
[Site "2. Bundesliga Mitte 2003/04"]
[Date "2004.10.??"]
[Round "5"]
[White "Waldmann, Gerald"]
[Black "Dietmayer Kraeutler, Marco"]
[Result "1-0"]
[WhiteElo "2150"]
[BlackElo "2137"]
[PlyCount "43"]
[EventDate "2003.??.??"]

1. e4 d5 2. exd5 Qxd5 3. Nc3 Qa5 4. d4 c6 5. Nf3 Nf6 6. Bd2 Bg4 7. h3 Bh5 8. g4
Bg6 9. Ne5 Qb6 10. Qe2 Qxd4 11. O-O-O Nbd7 12. Nxd7 Nxd7 13. f4 h5 14. f5 Bh7
15. Be3 Qe5 16. Qf2 Rg8 17. Bc4 Nb6 18. Bxb6 axb6 19. Rhe1 Qc5 20. Qd2 Bxf5 21.
gxf5 Qxf5 22. Rf1 1-0

[Event "AUT chT"]
[Site "2. Bundesliga Mitte 2003/04"]
[Date "2004.??.??"]
[Round "5"]
[White "Wasl, Ernst"]
[Black "Hiermann, Dietmar"]
[Result "0-1"]
[WhiteElo "2171"]
[BlackElo "2286"]
[PlyCount "120"]
[EventDate "2003.??.??"]

1. d4 Nf6 2. c4 g6 3. Nc3 d5 4. Nf3 Bg7 5. Qb3 dxc4 6. Qxc4 O-O 7. Bf4 Na6 8.
e4 c6 9. Bd3 Qb6 10. O-O Bg4 11. Qa4 Bxf3 12. gxf3 Nh5 13. Be3 Rfd8 14. Ne2 Qb4
15. Qc2 Nc7 16. Bc4 e6 17. Qb3 Qd6 18. Rfd1 Kh8 19. Rac1 f5 20. Bg5 Rf8 21. Bd2
a5 22. Qb6 fxe4 23. fxe4 Qd7 24. Ng3 Nxg3 25. hxg3 Qf7 26. Be3 Ne8 27. Qb3 Nd6
28. Bd3 a4 29. Qc2 a3 30. bxa3 Ra5 31. e5 Nb5 32. d5 cxd5 33. a4 Na3 34. Qc3
Rxa4 35. Bc5 Rfa8 36. Rd2 Bh6 37. f4 Bf8 38. Bf2 Nc4 39. Bxc4 Rxc4 40. Qa1 Rac8
41. Rcd1 b5 42. Qb1 b4 43. Rb2 Qc7 44. Be1 Bc5+ 45. Kg2 Qe7 46. Bd2 Ra8 47. Rh1
Kg8 48. Rh6 Re4 49. Kf3 Qf8 50. Qh1 Ra7 51. Bc1 Rc4 52. Qh3 Rc3+ 53. Kg2 Rxc1
54. Qxe6+ Qf7 55. Qc8+ Kg7 56. Qh3 Kh8 57. Qc8+ Qf8 58. Qh3 d4 59. Kh2 d3 60.
Rxg6 Bg1+ 0-1

[Event "AUT chT"]
[Site "2. Bundesliga Mitte 2003/04"]
[Date "2004.11.??"]
[Round "6"]
[White "Benda, Herbert"]
[Black "Ragger, Markus"]
[Result "0-1"]
[WhiteElo "2260"]
[BlackElo "2347"]
[PlyCount "112"]
[EventDate "2003.??.??"]

1. e4 e5 2. Nf3 Nc6 3. d4 exd4 4. Nxd4 Nf6 5. Nxc6 bxc6 6. e5 Qe7 7. Qe2 Nd5 8.
c4 Ba6 9. Nd2 Nb6 10. b3 d5 11. exd6 cxd6 12. Bb2 Qxe2+ 13. Bxe2 O-O-O 14.
O-O-O d5 15. Bg4+ Kc7 16. cxd5 Nxd5 17. Nc4 f6 18. Ne3 Nxe3 19. fxe3 Bd6 20.
Bf5 Bc5 21. Bd4 Bxd4 22. Rxd4 Rxd4 23. exd4 Re8 24. Rd1 g6 25. Bg4 Kd6 26. Bf3
f5 27. h4 Re3 28. Kb2 Bd3 29. Rc1 Be4 30. Rc5 Bxf3 31. gxf3 Rxf3 32. Ra5 Rh3
33. Rxa7 Rxh4 34. Kc3 c5 35. dxc5+ Kxc5 36. b4+ Rxb4 37. Rc7+ Kd6 38. Rxh7 Rg4
39. Kd3 Ke5 40. Ra7 g5 41. Ke3 Re4+ 42. Kf3 g4+ 43. Kg3 Re3+ 44. Kf2 Kf4 45.
Ra4+ Re4 46. Ra3 Rb4 47. Kg2 Rb2+ 48. Kg1 g3 49. Ra8 Kg4 50. Ra7 f4 51. Ra8 f3
52. Rg8+ Kf4 53. Rf8+ Ke4 54. Re8+ Kd5 55. Rd8+ Ke6 56. Rd1 Rg2+ 0-1

[Event "AUT chT"]
[Site "2. Bundesliga Mitte 2003/04"]
[Date "2004.11.??"]
[Round "6"]
[White "Dietmayer Kraeutler, Marco"]
[Black "Kaspret, Guido"]
[Result "1-0"]
[WhiteElo "2137"]
[BlackElo "2287"]
[PlyCount "87"]
[EventDate "2003.??.??"]

1. d4 c5 2. c3 e6 3. Nf3 Nf6 4. Bg5 cxd4 5. cxd4 Qa5+ 6. Bd2 Qb6 7. Nc3 Nc6 8.
e3 Be7 9. Be2 O-O 10. a3 d6 11. O-O Bd7 12. Na4 Qd8 13. Bd3 e5 14. Nc3 Rc8 15.
Qb3 Na5 16. Qc2 exd4 17. Nxd4 Nc4 18. Bxc4 Rxc4 19. Qd3 Rc5 20. Nce2 Ng4 21.
Bc3 Ne5 22. Qe4 Nc6 23. Rad1 Bf6 24. Qf4 Be5 25. Qe4 Bf6 26. Nf3 Bxc3 27. Nxc3
Qf6 28. Qd3 Rh5 29. Qxd6 Bg4 30. Qxf6 gxf6 31. Rd6 Bxf3 32. gxf3 Kg7 33. f4 Rd8
34. Rfd1 Rxd6 35. Rxd6 Na5 36. Rd7 a6 37. b4 Nc4 38. a4 a5 39. Rxb7 axb4 40.
Rxb4 Nd2 41. Rb5 Rh6 42. a5 Rg6+ 43. Kh1 Nf3 44. Ne2 1-0

[Event "AUT chT"]
[Site "2. Bundesliga Mitte 2003/04"]
[Date "2004.11.??"]
[Round "6"]
[White "Freimueller, Peter"]
[Black "Stadler, Peter"]
[Result "1-0"]
[WhiteElo "2154"]
[BlackElo "2180"]
[PlyCount "135"]
[EventDate "2003.??.??"]

1. d4 Nf6 2. c4 g6 3. Nc3 d5 4. Nf3 Bg7 5. e3 O-O 6. cxd5 Nxd5 7. Qb3 Nb6 8.
Be2 Be6 9. Qc2 Nc6 10. O-O Bf5 11. Qb3 Be6 12. Qa3 Qd6 13. Nb5 Qxa3 14. Nxa3 a6
15. Bd2 Bd5 16. Rfc1 e5 17. dxe5 Nxe5 18. Nxe5 Bxe5 19. Bc3 Bxc3 20. Rxc3 c6
21. f3 Rfd8 22. b3 Be6 23. e4 Rd2 24. Kf2 Rad8 25. Rc2 Kf8 26. Ke3 Rxc2 27.
Nxc2 Ke7 28. Rc1 c5 29. Ne1 Rc8 30. g4 g5 31. Rc2 c4 32. bxc4 Bxc4 33. Rb2 Rc6
34. Rxb6 Rxb6 35. Bxc4 Rb2 36. Nd3 Rxh2 37. e5 b5 38. Bd5 a5 39. Kd4 Rc2 40.
Bb3 Rc8 41. Nc5 Rc7 42. Bd5 h6 43. Nb7 a4 44. Nd6 b4 45. Nxf7 Rc1 46. Nxh6 b3
47. Nf5+ Kf8 48. Bxb3 axb3 49. axb3 Rb1 50. Kc4 Re1 51. Kd5 Rb1 52. Nd4 Ke8 53.
Ne6 Rxb3 54. Nxg5 Ke7 55. Ke4 Rb4+ 56. Kf5 Rb5 57. Ne4 Ra5 58. g5 Kf7 59. g6+
Kg7 60. Ng5 Ra3 61. Ne6+ Kg8 62. f4 Ra4 63. Kf6 Ra6 64. f5 Rb6 65. Ke7 Rb7+ 66.
Kd6 Ra7 67. f6 Ra6+ 68. Ke7 1-0

[Event "AUT chT"]
[Site "2. Bundesliga Mitte 2003/04"]
[Date "2004.11.??"]
[Round "6"]
[White "Genser, Harald"]
[Black "Hebesberger, Thomas"]
[Result "1/2-1/2"]
[WhiteElo "2288"]
[BlackElo "2322"]
[PlyCount "49"]
[EventDate "2003.??.??"]

1. d4 d6 2. e4 g6 3. Nc3 c6 4. Be3 Nf6 5. Qd2 b5 6. Bd3 Nbd7 7. Nf3 e5 8. a4 b4
9. Ne2 exd4 10. Nexd4 c5 11. Ne2 Bg7 12. Bh6 O-O 13. Bxg7 Kxg7 14. O-O Re8 15.
Ng3 Ne5 16. Nxe5 dxe5 17. Rfd1 Be6 18. Qe2 Qc7 19. Bc4 Rad8 20. f3 Rd4 21. Bxe6
Rxe6 22. c3 Rxd1+ 23. Rxd1 bxc3 24. bxc3 c4 25. Nf1 1/2-1/2

[Event "AUT chT"]
[Site "2. Bundesliga Mitte 2003/04"]
[Date "2004.11.??"]
[Round "6"]
[White "Heimberger, Reinhard"]
[Black "Shapiro, Boris"]
[Result "1/2-1/2"]
[WhiteElo "2301"]
[BlackElo "2454"]
[PlyCount "74"]
[EventDate "2003.??.??"]

1. c4 e6 2. Nc3 c5 3. e4 d6 4. g3 Nf6 5. Bg2 Be7 6. Nge2 O-O 7. O-O a6 8. d4
cxd4 9. Nxd4 Qc7 10. b3 Nc6 11. Bb2 Bd7 12. Rc1 Qa5 13. Re1 Rac8 14. Nxc6 bxc6
15. c5 d5 16. Na4 Rcd8 17. e5 Ne8 18. Bc3 Qc7 19. Bf1 Ra8 20. Bd3 Ra7 21. h4 g6
22. h5 Ng7 23. h6 Nf5 24. Qd2 a5 25. Qf4 Qd8 26. Bd2 Kh8 27. Kg2 Rg8 28. Rh1
Be8 29. Rce1 Rb7 30. Bc3 Bf8 31. Qd2 Ra7 32. Rh3 Be7 33. Bxf5 gxf5 34. f4 Rg6
35. Bd4 Bf8 36. Reh1 Qc8 37. Qd3 Qa6 1/2-1/2

[Event "AUT chT"]
[Site "2. Bundesliga Mitte 2003/04"]
[Date "2004.11.??"]
[Round "6"]
[White "Hiermann, Dietmar"]
[Black "Baumgartner, Heinz"]
[Result "1-0"]
[WhiteElo "2286"]
[BlackElo "2345"]
[PlyCount "115"]
[EventDate "2003.??.??"]

1. e4 e5 2. Nf3 Nc6 3. Bc4 Bc5 4. c3 Nf6 5. d3 a6 6. Nbd2 Ba7 7. O-O O-O 8. Bb3
b5 9. Re1 Ng4 10. Re2 d6 11. h3 Nf6 12. Nf1 Be6 13. Ng3 Nd7 14. Bg5 Qe8 15. d4
Bxb3 16. axb3 Bb6 17. Qd2 f6 18. Be3 Qf7 19. d5 Ne7 20. c4 Bxe3 21. Qxe3 b4 22.
Ra5 f5 23. exf5 Nxf5 24. Nxf5 Qxf5 25. Ng5 Rfc8 26. Ne4 Nf6 27. Ng3 Qd7 28. Qd2
Rcb8 29. Re1 Rb6 30. Rea1 c5 31. dxc6 Qxc6 32. Nf5 Qd7 33. Ne3 Qe6 34. Nd5 Nxd5
35. Rxd5 Rc8 36. Qe3 Rbc6 37. Rda5 Ra8 38. R1a4 Qf5 39. Qd2 Qb1+ 40. Kh2 Qe4
41. f3 Qf4+ 42. Qxf4 exf4 43. Rxb4 Re8 44. Rb7 g6 45. Ra7 Rb8 46. R5xa6 Rxa6
47. Rxa6 Rxb3 48. Rxd6 Rxb2 49. h4 Rb8 50. Rf6 Rc8 51. Rxf4 Kg7 52. Kg3 h6 53.
Kf2 g5 54. hxg5 hxg5 55. Re4 Kf6 56. Ke3 Kf5 57. Kd4 Rd8+ 58. Kc5 1-0

[Event "AUT chT"]
[Site "2. Bundesliga Mitte 2003/04"]
[Date "2004.11.??"]
[Round "6"]
[White "Horvath, Peter"]
[Black "Buhmann, Rainer"]
[Result "1-0"]
[WhiteElo "2463"]
[BlackElo "2527"]
[PlyCount "73"]
[EventDate "2003.??.??"]

1. d4 Nf6 2. c4 d6 3. Nc3 Bf5 4. g3 e5 5. Nf3 Nbd7 6. Bg2 c6 7. Nh4 Bg4 8. h3
exd4 9. Qxd4 Be6 10. b3 Qb6 11. Qd1 Be7 12. O-O Rc8 13. e4 O-O 14. Be3 Qa5 15.
Qd2 Rfe8 16. Rfe1 Bf8 17. f4 Nc5 18. Nd5 Qd8 19. Nxf6+ Qxf6 20. f5 Bd7 21. Bxc5
dxc5 22. Qxd7 Bd6 23. Nf3 Rcd8 24. Qxb7 Bxg3 25. e5 Qxf5 26. Rf1 Qg6 27. Qxa7
Bxe5 28. Nxe5 Rxe5 29. Qc7 Rde8 30. Qxc6 R8e6 31. Qf3 h5 32. Rad1 Re8 33. Rd7
f6 34. Rd2 Re3 35. Qf5 Qh6 36. Qxc5 R3e5 37. Qd4 1-0

[Event "AUT chT"]
[Site "2. Bundesliga Mitte 2003/04"]
[Date "2004.11.??"]
[Round "6"]
[White "Janz, Frerik"]
[Black "Tompa, Janos"]
[Result "1/2-1/2"]
[WhiteElo "2372"]
[BlackElo "2392"]
[PlyCount "135"]
[EventDate "2003.??.??"]

1. c4 e5 2. Nc3 Nf6 3. Nf3 Nc6 4. d3 d5 5. cxd5 Nxd5 6. e3 Be7 7. Be2 O-O 8.
O-O Bg4 9. a3 Qd7 10. Bd2 Nb6 11. b4 a6 12. Qb3 Be6 13. Qc2 f5 14. Rfd1 Rad8
15. Bf1 Bf6 16. Rab1 Qe7 17. Be1 Bf7 18. Nd2 Nd5 19. Nb3 f4 20. Nxd5 Bxd5 21.
Nc5 Bg5 22. Bd2 fxe3 23. Bxe3 Nd4 24. Bxd4 exd4 25. Re1 Qf7 26. g3 Be7 27. Ne4
c6 28. Bg2 h6 29. Re2 Bxe4 30. Rxe4 Bf6 31. a4 Rfe8 32. b5 cxb5 33. axb5 Rxe4
34. Bxe4 Rd6 35. Qc8+ Rd8 36. Qf5 g6 37. Qg4 g5 38. bxa6 bxa6 39. Rb6 Bg7 40.
Bg6 Qe7 41. Rxa6 Qe1+ 42. Kg2 Rf8 43. Ra2 Qe5 44. Be4 Qf6 45. Qe2 Kh8 46. Ra1
Qe6 47. Rh1 Ra8 48. h4 gxh4 49. Rxh4 Rf8 50. Rh1 Qf6 51. Rc1 Qe7 52. Qh5 Qf7
53. Qe2 Qe7 54. Rc6 Rf6 55. Rc8+ Rf8 56. Rxf8+ Qxf8 57. Qh5 Qe7 58. Qg6 Kg8 59.
Qh7+ Kf8 60. Bd5 Qf6 61. f4 Ke7 62. Kf3 Kd6 63. Be4 Qf7 64. Kg4 Qe6+ 65. Qf5
Ke7 66. Qxe6+ Kxe6 67. Kh5 Kf6 68. g4 1/2-1/2

[Event "AUT chT"]
[Site "2. Bundesliga Mitte 2003/04"]
[Date "2004.11.??"]
[Round "6"]
[White "Konopka, Michal"]
[Black "Haba, Petr"]
[Result "1/2-1/2"]
[WhiteElo "2451"]
[BlackElo "2524"]
[PlyCount "54"]
[EventDate "2003.??.??"]

1. d4 d5 2. c4 c6 3. Nf3 Nf6 4. Qb3 dxc4 5. Qxc4 e6 6. Bg5 b5 7. Qb3 Bb7 8.
Nbd2 Nbd7 9. e3 a6 10. a4 Qa5 11. Ra2 Qb4 12. Bd3 Nd5 13. Ra1 h6 14. Bh4 Qxb3
15. Nxb3 Nb4 16. Bb1 c5 17. Nxc5 Nxc5 18. dxc5 Bxc5 19. axb5 O-O 20. Ke2 axb5
21. Rxa8 Rxa8 22. Rc1 Rc8 23. Nd4 Bxd4 24. Rxc8+ Bxc8 25. exd4 Nd5 26. Be4 Bb7
27. Bg3 Nc3+ 1/2-1/2

[Event "AUT chT"]
[Site "2. Bundesliga Mitte 2003/04"]
[Date "2004.11.??"]
[Round "6"]
[White "Kranzl, Peter"]
[Black "Sandhoefner, Florian"]
[Result "1-0"]
[WhiteElo "2246"]
[BlackElo "2233"]
[PlyCount "59"]
[EventDate "2003.??.??"]

1. e4 c5 2. c3 Nf6 3. e5 Nd5 4. g3 d6 5. exd6 Qxd6 6. Bg2 Nc6 7. Na3 e6 8. Nf3
Be7 9. d4 cxd4 10. Nb5 Qd8 11. Nbxd4 Nxd4 12. Nxd4 O-O 13. O-O Bf6 14. Nc2 Ne7
15. Ne3 e5 16. Ng4 Bxg4 17. Qxg4 Qb6 18. Qe2 Rfd8 19. Be3 Qc7 20. Rad1 Nc6 21.
Qc4 Rd7 22. Rxd7 Qxd7 23. Bf3 Rc8 24. Bg4 Qc7 25. Bxc8 Qxc8 26. Rd1 a6 27. Qd5
Nb8 28. Ba7 Nc6 29. Bb6 Nb8 30. Qd6 1-0

[Event "AUT chT"]
[Site "2. Bundesliga Mitte 2003/04"]
[Date "2004.11.??"]
[Round "6"]
[White "Lautner, Josef"]
[Black "Enzendorfer, Alfred"]
[Result "1-0"]
[WhiteElo "2197"]
[BlackElo "2194"]
[PlyCount "57"]
[EventDate "2003.??.??"]

1. d4 d5 2. Nf3 Nf6 3. c4 e6 4. g3 b6 5. Bg2 Bb7 6. Ne5 Bb4+ 7. Nc3 O-O 8. O-O
h6 9. Qa4 Be7 10. cxd5 exd5 11. b4 a6 12. Qb3 Nc6 13. Nxc6 Bxc6 14. Bf4 Qd7 15.
Rac1 Ra7 16. Rfd1 Ba8 17. Rd3 Bd6 18. Be5 c6 19. Bxf6 gxf6 20. e4 dxe4 21. Nxe4
Be7 22. g4 a5 23. Rh3 Kg7 24. Qe3 Rh8 25. Ng3 Qxg4 26. bxa5 bxa5 27. Rb1 h5 28.
Rh4 Qd7 29. Nxh5+ 1-0

[Event "AUT chT"]
[Site "2. Bundesliga Mitte 2003/04"]
[Date "2004.11.??"]
[Round "6"]
[White "Nickl, Klaus"]
[Black "Groiss, Werner"]
[Result "1/2-1/2"]
[WhiteElo "2200"]
[BlackElo "2107"]
[PlyCount "59"]
[EventDate "2003.??.??"]

1. d4 Nf6 2. Nf3 d5 3. e3 e6 4. Bd3 Be7 5. O-O O-O 6. Nbd2 b6 7. Qe2 Bb7 8. e4
dxe4 9. Nxe4 Nbd7 10. c3 Nxe4 11. Bxe4 Bxe4 12. Qxe4 c5 13. Ne5 Nxe5 14. dxe5
Qd7 15. Be3 Rfd8 16. f4 Qd5 17. Qxd5 Rxd5 18. c4 Rd3 19. Kf2 f5 20. Ke2 Rad8
21. Rfd1 Rxd1 22. Rxd1 Rxd1 23. Kxd1 Kf7 24. Ke2 h6 25. Kf3 h5 26. g3 g6 27.
Bd2 Ke8 28. h3 Kf7 29. a3 Ke8 30. h4 1/2-1/2

[Event "AUT chT"]
[Site "2. Bundesliga Mitte 2003/04"]
[Date "2004.11.??"]
[Round "6"]
[White "Pavasovic, Dusko"]
[Black "Dervishi, Erald"]
[Result "1-0"]
[WhiteElo "2596"]
[BlackElo "2495"]
[PlyCount "72"]
[EventDate "2003.??.??"]

1. e4 e5 2. Nf3 Nc6 3. d4 exd4 4. Nxd4 Nf6 5. Nxc6 bxc6 6. e5 Qe7 7. Qe2 Nd5 8.
c4 Nb6 9. Nc3 Qe6 10. Qe4 Ba6 11. b3 Bb4 12. Bd2 Bxc3 13. Bxc3 d5 14. Qh4 dxc4
15. Be2 Nd5 16. Bxc4 g5 17. Qd4 Bxc4 18. Qxc4 O-O-O 19. Bd4 Kb7 20. O-O Rd7 21.
Qc5 Nb6 22. Be3 Rd5 23. Qc3 Rg8 24. f4 Rb5 25. Rae1 gxf4 26. Bxf4 h5 27. Bg3
Nd7 28. Qf3 h4 29. Bxh4 Nxe5 30. Qc3 Rg4 31. Qh3 Qg6 32. Re3 Rd5 33. Bg3 Nd3
34. Qh8 Qg5 35. Re8 Rxg3 36. Rb8+ Ka6 1-0

[Event "AUT chT"]
[Site "2. Bundesliga Mitte 2003/04"]
[Date "2004.11.??"]
[Round "6"]
[White "Pilaj, Herwig"]
[Black "Ceschia, Ivano"]
[Result "1/2-1/2"]
[WhiteElo "2343"]
[BlackElo "2376"]
[PlyCount "35"]
[EventDate "2003.??.??"]

1. d4 d5 2. Nf3 e6 3. c4 c5 4. e3 Nf6 5. a3 Nc6 6. dxc5 Bxc5 7. b4 Be7 8. Bb2
O-O 9. Nbd2 a5 10. b5 Nb8 11. Be2 Nbd7 12. O-O Nc5 13. Qc2 Bd7 14. Bd4 Rc8 15.
Qb2 Na4 16. Qb3 Nc5 17. Qb2 Na4 18. Qb3 1/2-1/2

[Event "AUT chT"]
[Site "2. Bundesliga Mitte 2003/04"]
[Date "2004.11.??"]
[Round "6"]
[White "Reschun, Sascha"]
[Black "Sandner, Wolfgang"]
[Result "1-0"]
[WhiteElo "2259"]
[BlackElo "2245"]
[PlyCount "51"]
[EventDate "2003.??.??"]

1. e4 c5 2. Nf3 d6 3. d4 cxd4 4. Nxd4 Nf6 5. Nc3 a6 6. f4 Qc7 7. a4 Nbd7 8. a5
Nc5 9. Bd3 g6 10. Nf3 Be6 11. O-O Bg7 12. Qe1 O-O 13. Kh1 Ncd7 14. f5 Bc4 15.
Qh4 Bxd3 16. cxd3 e6 17. Bh6 Qc5 18. Ng5 Rae8 19. Rf3 Ne5 20. Bxg7 Kxg7 21. Rg3
Qd4 22. fxe6 fxe6 23. Qh3 Nh5 24. Qxh5 Qf2 25. Qxh7+ Kf6 26. Nh3 1-0

[Event "AUT chT"]
[Site "2. Bundesliga Mitte 2003/04"]
[Date "2004.11.??"]
[Round "6"]
[White "Rogic, Davor"]
[Black "Horvath, Peter"]
[Result "1/2-1/2"]
[WhiteElo "2461"]
[BlackElo "2513"]
[PlyCount "23"]
[EventDate "2003.??.??"]

1. e4 c5 2. Nf3 e6 3. d4 cxd4 4. Nxd4 a6 5. Bd3 Qb6 6. Nb3 Qc7 7. O-O Nf6 8. c4
d6 9. Nc3 b6 10. Be3 Bb7 11. f3 Be7 12. Rc1 1/2-1/2

[Event "AUT chT"]
[Site "2. Bundesliga Mitte 2003/04"]
[Date "2004.11.??"]
[Round "6"]
[White "Rolletschek, Heinrich"]
[Black "Linhart, Wolfgang"]
[Result "1-0"]
[WhiteElo "2320"]
[BlackElo "2245"]
[PlyCount "81"]
[EventDate "2003.??.??"]

1. e4 c5 2. Nf3 e6 3. d3 Nc6 4. g3 d5 5. Nbd2 Nf6 6. Bg2 Be7 7. O-O Qc7 8. Re1
dxe4 9. dxe4 b6 10. e5 Nd7 11. b3 Bb7 12. Bb2 O-O-O 13. Qe2 Ndb8 14. Rad1 h6
15. Nc4 Ba6 16. Qe4 Rxd1 17. Rxd1 Rd8 18. Re1 g6 19. Ne3 Bf8 20. h4 Bb7 21. Qf4
Nb4 22. a3 Nd5 23. Nxd5 Bxd5 24. Nd2 Bxg2 25. Kxg2 Nc6 26. Nc4 Nd4 27. Qe4 Qb7
28. Qxb7+ Kxb7 29. Rd1 Kc7 30. Bxd4 cxd4 31. a4 a6 32. Kf3 Bc5 33. Nb2 a5 34.
Ke4 Rd7 35. Nd3 Kc6 36. h5 g5 37. f4 Be7 38. Rf1 f5+ 39. exf6 Bxf6 40. fxg5
Bxg5 41. Ne5+ 1-0